Score 0/15 Timer 02:30
0 Plays Today
Question Answer Wrong Answers
Creep Radiohead
84%
Motörhead
6.8%
Talking Heads
4.5%
Ace of Spades Motörhead
81.1%
Talking Heads
7.4%
Radiohead
7%
Paranoid Android Radiohead
79%
Motörhead
8.7%
Talking Heads
7.8%
Burning Down the House Talking Heads
78.8%
Motörhead
11.1%
Radiohead
5.1%
Dead Men Tell No Tales Motörhead
76.6%
Talking Heads
10.4%
Radiohead
7.8%
And She Was Talking Heads
76.5%
Motörhead
10%
Radiohead
8.8%
Karma Police Radiohead
74%
Motörhead
6.3%
Talking Heads
14.6%
Overkill Motörhead
72.9%
Talking Heads
11.6%
Radiohead
10.1%
Psycho Killer Talking Heads
71.8%
Motörhead
15.4%
Radiohead
7.7%
The Road Crew Motörhead
69.5%
Talking Heads
15.2%
Radiohead
9.9%
Fake Plastic Trees Radiohead
68%
Motörhead
6.4%
Talking Heads
20.5%
Dancing On Your Grave Motörhead
67.6%
Talking Heads
18.1%
Radiohead
9%
No Surprises Radiohead
58.3%
Motörhead
16.5%
Talking Heads
19.8%
Life During Wartime Talking Heads
56.2%
Motörhead
26.3%
Radiohead
12.5%
Radio Head Talking Heads
36.8%
Motörhead
10.3%
Radiohead
48.2%

Today's Daily Dose

Remove Ads.
Support Sporcle.
Get the best of Sporcle when you Go Orange. This ad-free experience offers more features, more stats, and more fun while also helping to support Sporcle. Thank you for becoming a member.

You're not logged in!

Compare scores with friends on all Sporcle quizzes.
OR
Log In

Show Comments

Extras

Top Quizzes Today


Score Distribution

Your Account Isn't Verified!

In order to create a playlist on Sporcle, you need to verify the email address you used during registration. Go to your Sporcle Settings to finish the process.

Report this User

Report this user for behavior that violates our Community Guidelines.

Details: